| 000 | 00435nam a22001577a 4500 | ||
|---|---|---|---|
| 003 | SGT | ||
| 020 | _a9788120335141 | ||
| 082 |
_a621.382 _bMUT |
||
| 100 | _aNATHAN,P. MUTHU CHIDAMBARA | ||
| 245 | _aWIRELESS COMMUNUICATION | ||
| 260 |
_aNEW DELHI _bPHI _c2013 |
||
| 300 | _a219 | ||
| 650 | _aELECTRONICS ENGINEERING | ||
| 653 | _aWIRELESS COMMUNICATION,CELLULAR CONCEPT, CELLULAR CAPACITY AND IMPROVEMENT TECHNIQUES, | ||
| 942 |
_2ddc _cBK |
||
| 999 |
_c8229 _d8229 |
||